IV Foro miradas dela Espaňa actual

Gespeichert in:
Bibliographische Detailangaben
1. Verfasser: Sánchez Presa, Mónica
Format: Buchkapitel
Sprache:Spanisch
Schlagworte:
Tags: Tag hinzufügen
Keine Tags, Fügen Sie das erste Tag hinzu!

MARC

LEADER 00000naa a2200000 4500
001 0227532
005 20240502073741.8
041 0 |a spa 
044 |a SK 
245 1 0 |a IV Foro miradas dela Espaňa actual  |c Mónica Sánchez Presa 
610 2 0 |a vzťahy medzinárodné 
610 2 0 |a Slovensko 
610 2 0 |a Španielsko 
610 2 0 |a politika medzinárodná 
100 1 |a Sánchez Presa, Mónica